| 000 | 01161nam0a22002771 4500 | ||
|---|---|---|---|
| 001 | rc\2759397 | ||
| 005 | 20240426160120.0 | ||
| 035 | _a(NLR Aleph) 006886055 | ||
| 090 |
_a7097223 _c7097223 |
||
| 100 | _a20110915d1940 |||y0rusy50 ca | ||
| 101 | 0 | _arus | |
| 102 | _aRU | ||
| 105 | _ay c ||||| | ||
| 200 | 1 |
_aСемья и школа в борьбе за дисциплину и успеваемость _e(Указатель лит-ры) _fЦентр. дом культуры железнодорожников. Центр. б-ка |
|
| 210 |
_aМосква _cБ. и. _d1940 |
||
| 215 |
_aТит. л., 5 л., без обл. _d23 см. |
||
| 300 | _aСтеклогр. изд. | ||
| 300 | _aСоставитель указан в выпуск. данных | ||
| 700 | 1 |
_aЗахарьина _bР. Г. _gРоза Григорьевна |
|
| 712 | 0 | 2 |
_aЦентральный дом культуры железнодорожников _cМосква _bЦентральная библиотека _3RU\NLR\AUTH\889938617 |
| 801 | 0 |
_aRU _bNLR _gpsbo |
|
| 801 | 1 |
_aRU _bELAR _2rusmarc |
|
| 852 |
_aNLR _jс877-420/3-38 |
||
| 942 | _cBOOK | ||
| 980 | _aNB | ||